|
|
|
|
| LEADER |
00000nam a2200000 a 4500 |
| 001 |
vtls008187739 |
| 003 |
SK-MaSNL |
| 005 |
20260301183446.0 |
| 008 |
251031s2005 xo g 000 0 slo |
| 015 |
|
|
|a SNBA2005/11-04744
|
| 020 |
|
|
|a 807162540X
|q (brož.)
|
| 040 |
|
|
|a SNK
|b slo
|c SNK
|e AACR2
|
| 041 |
1 |
|
|a slo
|h ita
|
| 072 |
|
7 |
|a 27-5
|x Kresťanské umenie a symbolika. Duchovný život
|2 konspekt
|
| 080 |
|
|
|a 272-528
|2 MDT-MRF
|
| 080 |
|
|
|a 272-1/-9
|2 MDT-MRF
|
| 080 |
|
|
|a 27-584
|2 MDT-MRF
|
| 080 |
|
|
|a (0:82-4)
|2 MDT-MRF
|
| 080 |
|
|
|a (0:82-84)
|2 MDT-MRF
|
| 080 |
|
|
|a 27-549
|2 MDT-MRF
|
| 100 |
1 |
|
|a Sapienza, Leonardo
|4 aut
|9 558729
|
| 240 |
1 |
0 |
|a Paolo VI e l'eucaristia
|l Slovensky
|
| 245 |
1 |
0 |
|a Pavol VI. a Eucharistia
|c Leonardo Sapienza; [z talianskeho originálu preložila Oľga Gavendová]
|
| 250 |
|
|
|a 1. vyd.
|
| 260 |
|
|
|a Trnava
|b Spolok svätého Vojtecha
|c 2005
|
| 300 |
|
|
|a 100 s.
|c 17 cm
|
| 490 |
1 |
|
|a K výšinám
|
| 610 |
2 |
7 |
|a Katolícka cirkev.
|b Pápež (1963-1978 : Pavol VI.)
|2 SNKPH
|
| 650 |
0 |
7 |
|a eucharistia
|2 SNKPH
|9 796
|
| 650 |
0 |
7 |
|a katolícka liturgia
|2 SNKPH
|9 1989
|
| 650 |
0 |
7 |
|a učenie katolíckej cirkvi
|2 SNKPH
|9 64342
|
| 650 |
0 |
7 |
|a duchovný život
|2 SNKPH
|9 1807
|
| 655 |
|
7 |
|a úvahy
|2 SNKPH
|9 29403
|
| 655 |
|
7 |
|a citáty
|2 SNKPH
|9 70419
|
| 700 |
1 |
|
|a Gavendová, Oľga,
|d 1969-
|4 trl
|9 217158
|
| 830 |
|
0 |
|a K výšinám
|9 331260
|
| 919 |
|
|
|a 80-7162-540-X
|
| 968 |
|
|
|b IT
|d 2
|
| 999 |
|
|
|c 857075
|d 859005
|
| 952 |
|
|
|a SNK
|b SNK
|y PREZ
|7 0
|p 17A0480348
|o snkSD 75031
|i snk2005/13617
|8 0
|0 0
|1 0
|4 0
|d 2005-08-03
|l 0
|r 2025-11-21 00:00:00
|w 2026-02-24
|
| 952 |
|
|
|a SNK
|b SNK
|y VYP
|7 0
|p 17A0480347
|o snkSD 75031 D1
|i snk2005/13618
|8 0
|0 0
|1 0
|4 0
|d 2005-08-03
|l 0
|r 2017-06-30 00:00:00
|w 2026-02-24
|